000 00361nam a22001577a 4500
003 MPLRDC
005 20220104144513.0
008 210129b ||||| |||| 00| 0 eng d
082 _a947.413 SCYLZ
100 _a松川佑里子
245 _a星空旋律
_c
260 _a
_b东立
_c
300 _b
650 _a少女漫画
942 _cBK
_o947.413 SCYLZ
999 _c50252
_d50242